000 02046nam0a2200397 4500
001 RU\NLR\BIBL_A\022702582
005 20260410112332.0
010 _a978-5-91103-887-8
021 _aRU
_bКН-П-25-071985
_9КН-П-25-6972
035 _a(NLR Aleph) 022702582
090 _a13653293
_c13653293
100 _a20260116d2024 m y0rusy50 ca
101 1 _arus
_cfre
102 _aRU
105 _ay z 000zy
181 0 _ai4
_baxxe
182 0 _an
200 1 _aЭто не случайно
_eяпонская хроника
_fРёко Секигути
_gперевод с французского: Татьяна Чугунова
203 _aТекст
_bвизуальный
_cнепосредственный
210 _aМосква
_aВладивосток
_cАд Маргинем Пресс
_d2024
215 _a140, [1] c.
_d17
225 1 _aHide books
300 _aЗагл. и авт. ориг.: Ce n'est pas un hasard. Chronigue japonise / Ryoko Sekiguchi
454 0 _12001#$aCe n'est pas un hasard. Chronigue japonise$fRyoko Sekiguchi
_1700#1$aSekiguchi$bR.$f1970-$gRyoko
601 0 2 _aФукусима-1, атомная электрическая станция
_cОкума, поселок; Фукусима, префектура; Япония
_xАвария
_jВоспоминания, записки и т.п
_2nlr_sh2
_3RU\NLR\AUTH\661566550
606 1 _aОбщественная мысль
_yЯпония
_z21 в.
_2nlr_sh2
_3RU\NLR\AUTH\6601768981
606 1 _aВеликое восточно-японское землетрясение
_z2011
_jВоспоминания, записки и т.п
_2nlr_sh2
_3RU\NLR\AUTH\661595935
606 1 _aЦунами
_yЯпония
_jВоспоминания, записки и т.п
_2nlr_sh1
_2nlr_sh2
_3RU\NLR\AUTH\661190508
686 1 _aД217.9(54Я)
686 1 _aТ3(5Я)63-72
686 1 _aЗ474.23-082.03
700 1 _aСекигути
_bР.
_f1970-
_gРёко
_3RU\NLR\AUTH\770251890
942 _cBOOK
980 _aNB